000 00409cam a2200181 4500
001 D12995
008 090401t1937 xxu||||| |||| 00| 0 eng d
035 _a(Sirsi) u7091
041 _aeng
100 _aHope, Stanley G
245 4 _aThe valuation officers` handbook
250 _a2nd
260 _aLondon
_bShaw & Sons
_c1937
350 _a0
520 _aShelf 117
942 _n0
948 _c04/03/1997
999 _c86389
_d86389